| 000 | 00565nam a2200193Ia 4500 | ||
|---|---|---|---|
| 003 | GCL | ||
| 008 | 140319s9999 xx 000 0 ara d | ||
| 040 |
_aGCL / _cGCL |
||
| 082 | 0 | 4 |
_a641.5 _bص م |
| 100 | 1 | _aصدوف كمال | |
| 245 | 1 | 0 |
_aالمائدة الطيبة: من الف باء الطبخ / _cصدوف كمال |
| 700 | 1 | _aسيما عثمان | |
| 300 | _a256 ص | ||
| 490 |
_aالهيئة العامة للاستعلامات _v0 |
||
| 650 | 0 | 4 | _aالاقتصاد |
| 650 | 0 | 4 | _aاعداد المائدة |
| 650 | 0 | 4 | _aالطهى |
| 942 |
_2ddc _cBK |
||
| 999 |
_c47679 _d47679 |
||